The noble scholar, jurist, historian


 His Excellency Dr. Abdul Wahhab bin Ibrahim Abu Sulaiman, may Allah have mercy on him.


 He was born in Umm Al-Qura in the year 1356 AH.

الجامع مقابلا على ثلاث نسخ منها نسختان خطيتان في ملك المحقق / (Record no. 2537)

MARC details
000 -LEADER
fixed length control field 01247cam a22002651i 4500
003 - CONTROL NUMBER IDENTIFIER
control field SA-RiAUC
005 - DATE AND TIME OF LATEST TRANSACTION
control field 20241119141954.0
008 - FIXED-LENGTH DATA ELEMENTS--GENERAL INFORMATION
fixed length control field 241113s2009 ||| g 000 0 ara c
040 ## - CATALOGING SOURCE
Original cataloging agency SA-JeALM
Language of cataloging ara
Transcribing agency SA-RiAUC
Description conventions rda
082 04 - DEWEY DECIMAL CLASSIFICATION NUMBER
Classification number 258.2
090 ## - LOCALLY ASSIGNED LC-TYPE CALL NUMBER (OCLC); LOCAL CALL NUMBER (RLIN)
Classification number (OCLC) (R) ; Classification number, CALL (RLIN) (NR) 258.2
Local cutter number (OCLC) ; Book number/undivided call number, CALL (RLIN) ج ن د
100 0# - MAIN ENTRY--PERSONAL NAME
Personal name الجندي، خليل بن اسحاق
Titles and words associated with a name الشيخ،
Dates associated with a name توفي 776 هجري
Relator term مؤلف.
245 12 - TITLE STATEMENT
Title الجامع مقابلا على ثلاث نسخ منها نسختان خطيتان في ملك المحقق /
Statement of responsibility, etc. خليل بن إسحاق الجندي ؛ دراسة وتحقيق أحمد بن عبد الكريم نجيب.
246 3# - VARYING FORM OF TITLE
Title proper/short title الجامع مقابلا على 3 نسخ منها نسختان خطيتان في ملك المحقق
250 ## - EDITION STATEMENT
Edition statement الطبعة الثالثة.
264 #1 - PRODUCTION, PUBLICATION, DISTRIBUTION, MANUFACTURE, AND COPYRIGHT NOTICE
Place of production, publication, distribution, manufacture [دبلن . ايرلاندا] :
Name of producer, publisher, distributor, manufacturer مركز نجيبوية للمخطوطات وخدمة التراث،
Date of production, publication, distribution, manufacture, or copyright notice 2009
300 ## - PHYSICAL DESCRIPTION
Extent 144 صفحة
336 ## - CONTENT TYPE
Content type term نص
Content type code txt
Source rdacontent
Materials specified كتاب
337 ## - MEDIA TYPE
Media type term بدون وسيط
Media type code n
Source rdamedia
338 ## - CARRIER TYPE
Carrier type term مجلد
Carrier type code nc
Source rdacarrier
650 #7 - SUBJECT ADDED ENTRY--TOPICAL TERM
Topical term or geographic name entry element الفقه المالكي
Source of heading or term aucsh
700 1# - ADDED ENTRY--PERSONAL NAME
Personal name نجيب، أحمد عبد الكريم
Relator term محقق.
942 ## - ADDED ENTRY ELEMENTS (KOHA)
Source of classification or shelving scheme Dewey Decimal Classification
Koha item type Books
Suppress in OPAC No
949 ## - LOCAL PROCESSING INFORMATION (OCLC)
a SA-JeALM
d 241113
u mohamedma123
n 1
Holdings
Withdrawn status Lost status Source of classification or shelving scheme Damaged status Not for loan Home library Current library Date acquired Total checkouts Full call number Barcode Date last seen Price effective from Koha item type
    Dewey Decimal Classification     DR AbdElwahab Library DR AbdElwahab Library 11/19/2024   258.2 ج ن د 000003893 11/19/2024 11/19/2024 Books